| 000 | 00871nam a22002531 4500 | ||
|---|---|---|---|
| 001 | sa 66005322 | ||
| 003 | DLC | ||
| 005 | 20260227112248.0 | ||
| 008 | 860109s1965 ii a b 100 0 eng | ||
| 010 | _asa 66005322 | ||
| 025 | _aPL480:I-E-4938 | ||
| 040 |
_aDLC/ICU _cICU _dDLC |
||
| 050 | 0 | 0 |
_aQP921.Q7 _bS9 1963 |
| 111 | 2 |
_aSymposium on Natural Quinones _d(1963 : _cDelhi, India) |
|
| 245 | 0 | 0 | _aProceedings. |
| 260 |
_aNew Delhi, _bNational Institute of Sciences of India _c[1965] |
||
| 300 |
_a149 p. _billus. _c24 cm. |
||
| 490 | 1 |
_aNational Institute of Sciences of India. Bull. _vno. 28 |
|
| 504 | _aIncludes bibliographies. | ||
| 500 | _aOrganized by the National Institute of Sciences of India. | ||
| 650 | 0 | _aQuinone. | |
| 710 | 2 | _aNational Institute of Sciences of India. | |
| 830 | 0 |
_aBulletin of the National Institute of Sciences of India ; _vno. 28. |
|
| 999 |
_c69893 _d69893 |
||